000 00239nam a22000857a 4500
008 170607b xxu||||| |||| 00| 0 eng d
100 _93325
_aDas. I
245 _aThe word of Turtles and crocodiles
260 _aNew Delhi
_bNational Book Trust
_c2003
999 _c6644
_d6644